Fire ecology : United States and southern Canada

Saved in:
Bibliographic Details
Main Author: Wright, Henry A.
Other Authors: Bailey, Arthur W.
Format: Book
Language:English
Published: New York : John Wiley and Sons, c1982
Subjects:
Tags: Add Tag
No Tags, Be the first to tag this record!

MARC

LEADER 00000nam a2200000 i 4500
001 1/16407
008 980731s1982 eng d
020 |a 0-471-09033-6 
035 |l 10020183 
040 |a GR-MY-UA  |b gre  |e aacr 
041 0 |a eng 
082 0 |a 581.5222 
100 1 |a Wright, Henry A. 
245 1 0 |a Fire ecology :  |b United States and southern Canada /  |c Henry A. Wright; Arthur W. Bailey 
260 |a New York :   |b John Wiley and Sons,   |c c1982 
300 |a 501 p.  |b fig.; tabl. 
504 |a Includes bibliographical references and index 
650 0 0 |a Fire ecology  |z United States. 
650 0 0 |a Fire ecology  |z Canada. 
650 0 0 |a Plant ecology  |z United States. 
650 0 0 |a Plant ecology  |z Canada. 
650 0 0 |a Prescribed burning  |z United States. 
650 0 0 |a Prescribed burning  |z Canada. 
700 1 |a Bailey, Arthur W. 
852 |a INST  |b LESVOS  |e 19980731  |h 581.5222 WRI  |p 005100013339  |q 005100013339  |t BK  |y 0 
901 |a BIBL-1998-3 
909 |a Λ  |b 058588 
922 |a 1ΕΛΗ  |b 199807  |c ΚΠΣ/ΤΠ  |d ΠΑΠΑΣΩΤΗΡΙΟΥ 
950 |a 107-1998-05-26